La izquierda mexicana y la constitución /

שמור ב:
מידע ביבליוגרפי
מחבר ראשי: Ruiz Suárez, Ricardo
פורמט: Texto
תגים: הוספת תג
אין תגיות, היה/י הראשונ/ה לתייג את הרשומה!

MARC

LEADER 00000 a a2200000 04500
001 46592
003
040
100 |a Ruiz Suárez, Ricardo  
245 |a La izquierda mexicana y la constitución /  |c Ricardo Ruiz Suárez  
773 |g 205-212  
999 |c 32384  |d 32384